| 000 | 01564nam a22004097a 4500 | ||
|---|---|---|---|
| 003 | CHAP | ||
| 005 | 20220329133840.0 | ||
| 008 | 971013s1977 r 00010 d | ||
| 010 | _a11748 | ||
| 011 | _a12720 | ||
| 035 | _a16236 | ||
| 040 | _cCHAP | ||
| 090 | _aTesis | ||
| 100 | 0 | 0 |
_aVidal García, Luciano. _9119227 |
| 245 |
_aImportancia de la investigación agronómica en el programa de desarrollo rural del Plan Zacapoaxtla; investigación realizada en los ciclos agrícolas P _c/ V 74, 74 para el cultivo de maíz, invierno 74, 75 para el cultivo de la papa |
||
| 260 |
_aChapingo, Méx. : _bEl autor, _c1977 |
||
| 300 | _a176 h. gráfs. mapas | ||
| 500 | _a89-183 | ||
| 502 | _aTesis (Ing. Agrónomo Especialista en Suelos) -- ENA. Departamento de Suelos | ||
| 590 |
_aALEPH _b10 _c20130110 _lUCH01 _h1229 |
||
| 590 |
_aBATCH-UPD _b10 _c20130110 _lUCH01 _h1211 |
||
| 590 |
_aBATCH-UPD _b10 _c20130410 _lUCH01 _h0750 |
||
| 590 |
_aBATCH-UPD _b10 _c20130914 _lUCH01 _h1145 |
||
| 590 |
_aCONVERSION _b10 _c20130109 _lUCH01 _h1308 |
||
| 650 | 1 | 4 |
_aDesarrollo de la comunidad rural. _931995 |
| 650 | 1 | 4 |
_aFertilizantes para maíz. _940625 |
| 650 | 1 | 4 |
_aFertilizantes para papa. _940631 |
| 650 | 1 | 4 |
_aMaíz _xRendimiento. _971051 |
| 650 | 1 | 4 |
_aPapa _xRendimiento. _985284 |
| 650 | 1 | 4 |
_aPlan Zacapoaxtla. _988682 |
| 901 | _aBK | ||
| 942 | _cFOLL | ||
| 949 |
_bBC _cTES _d-153987 _eTS1 _i16236 _si |
||
| 949 |
_bBC _cTES _d33724000692885 _eTS2 _fc.2 _i16236 _si |
||
| 949 |
_bBC _cTES _d33724000692893 _eTS2 _fc.3 _i16236 _si |
||
| 949 |
_bS _cTESBD _d-28457 _eTS1 _i16236 _si |
||
| 999 |
_c11748 _d11748 |
||